01262nam a22003615b 4500001000600000003000900006005001700015007000300032008003500035017000900070020001500079040003000094082002800124100003700152245008100189250000600270264005800276300005100334336002900385337003500414338002900449490004500478590002600523600000600549650003800555650003800593650003200631700004200663910004100705942001200746952012500758999001700883 446 DO-SdBPM20251119120057.0ta950710s1985 sp a | | ||spa  a b  a8434203308 aDO-SdBPMbspacBPMSUerda 4a808.068bR615t 19852221 aRius, María eautor 4aut. d 10a El tacto / cMaría Rius ; ilustraciones de Josep María Parramon /h  a  aBarcelona, España : bParramón Ediciones , c1985 avarias paginaciones. :bilustraciones ;c20 cm atexto btxt 2rdacontent asin mediación bn2rdamedia  avolumen bnc2rdacarrier0 aPrimera Biblioteca de los Niños.a v  aInventariado, 2025/VM 2  7aLibros y lectura para niñosv  7alibros ilustrados para niñosv  7aTacto vLiteratura juvenil.1 aParramon, Josep María eilustrador  aVMateo V. Control de calidad. BPMSU  2ddccBK 00102ddc708CI-GaBPMETbBPMETd2025-11-19l0oBPMSU CGI 808.068 R615t 1985pBPMSU25110048r2025-11-19w2025-11-19yBK c15515d15515